000 00419nam a22001337a 4500
008 230602b xxu||||| |||| 00| 0 eng d
082 _a301.0720519
_bDEV
110 _d2011
245 _aDevelopment and Society
_cThe Institution of Social Development Policy Research
260 _aKorea
_bThe Institution of Social Development Policy Research
_cJune 2011
300 _a250 p
440 _n1
_v40
_x15988074
942 _2ddc
_cBK
999 _c153
_d153